000 00755cam a2200253 4500500
005 20260405000504.0
041 _afre
042 _adc
100 1 0 _aViveret, Patrick
_eauthor
700 1 0 _aComte-Sponville, André
_eauthor
700 1 0 _aBruckner, Pascal
_eauthor
700 1 0 _aJeancourt-Galignani, Oriane
_eauthor
245 0 0 _aLe bonheur sur mesure
260 _c2007.
500 _a96
690 _aBonheur
690 _aCapitalisme
690 _aÉconomie
690 _aÉpicurisme
690 _aStoïcisme
690 _aUtilitarisme
786 0 _nPhilosophie magazine | 14 | 11 | 2007-11-01 | p. 21-21 | 1951-1787
856 4 1 _uhttps://shs.cairn.info/magazine-philosophie-magazine-2007-11-page-21?lang=fr&redirect-ssocas=7080
999 _c2037639
_d2037639